Budovanie pozície značky na trhu diplomová práca

Na minha lista:
Detalhes bibliográficos
Autor principal: Žiaková, Silvia
Autor Corporativo: Obchodná fakulta EU. Katedra marketingu
Outros Autores: Lesáková, Dagmar, 1949-
Formato: Livro
Idioma:eslovaco
Publicado em: Bratislava 2014
Tags: Adicionar Tag
Sem tags, seja o primeiro a adicionar uma tag!

MARC

LEADER 00000nbm a2200000 4500
001 0186104
005 20170315090441.6
041 0 |a slo 
044 |a SK 
245 1 0 |a Budovanie pozície značky na trhu  |b diplomová práca  |c Silvia Žiaková ; školiteľ: Dagmar Lesáková 
264 1 |a Bratislava  |c 2014 
300 |a 92 s. 
100 1 |a Žiaková, Silvia 
700 1 |a Lesáková, Dagmar, 1949- 
710 2 |a Obchodná fakulta EU. Katedra marketingu